| 000 | 00674nam a2200289Ia 4500 | ||
|---|---|---|---|
| 005 | 20260324140047.0 | ||
| 008 | 008 260324s9999 xx 000 0 eng d | ||
| 020 | _a9780429498046 | ||
| 037 | _aEBOOK | ||
| 040 | _aCRL | ||
| 040 | _beng | ||
| 040 | _cCRL | ||
| 041 | _2eng | ||
| 041 | _aeng | ||
| 084 | _qCRL | ||
| 100 |
_aPepi Leistyna _91202978 |
||
| 245 | 0 | _aPresence Of Mind | |
| 245 | 0 | _bEducation And The Politics Of Deception | |
| 260 | _bTaylor and Francis | ||
| 260 | _c1999 | ||
| 365 | _a | ||
| 365 | _b230 | ||
| 856 | _uhttp://www.taylorfrancis.com/books/9780429498046 | ||
| 942 | _cEBOOK | ||
| 999 |
_c1804632 _d1804632 |
||